[Event "8th Dieppe Open A 2012"]
[Site "Dieppe FRA"]
[Date "2012.08.26"]
[Round "1.4"]
[White "Chabanon,JL"]
[Black "Dubocage,C"]
[Result "1-0"]
[WhiteElo "2470"]
[BlackElo "1936"]

1.d4 g6 2.e4 Bg7 3.Nc3 d6 4.f4 Nf6 5.Nf3 c5 6.dxc5 Qa5 7.Qd4 Nc6 8.Bb5 dxc5
9.Qa4 Qxa4 10.Bxa4 Bd7 11.e5 Ng4 12.h3 Nh6 13.Be3 b6 14.O-O-O O-O-O 15.g4 f6
16.e6 Be8 17.Nd5 Nd4 18.Bxe8 Rhxe8 19.Nxd4 Rxd5 20.Nb5 Red8 21.Nxa7+ Kb7
22.Nb5 f5 23.Rxd5 Rxd5 24.g5 Ng8 25.c4 Rd3 26.Re1 h6 27.h4 hxg5 28.hxg5  1-0

[Event "e2e4 Hinckley Open 2012"]
[Site "Hinckley ENG"]
[Date "2012.08.26"]
[Round "4.3"]
[White "Spence,D"]
[Black "Pleasants,A"]
[Result "1-0"]
[WhiteElo "2250"]
[BlackElo "2070"]

1.e4 g6 2.d4 Bg7 3.Nc3 d6 4.Bg5 h6 5.Bh4 c5 6.d5 Nd7 7.f4 Qb6 8.Rb1 Qb4 9.Ne2 Ngf6
10.a3 Qa5 11.b4 cxb4 12.axb4 Qc7 13.Bf2 O-O 14.Nb5 Qb8 15.Qd3 a6 16.Nbd4 Qc7
17.Ng3 Nb6 18.c4 Bd7 19.Be2 Rac8 20.Rc1 Bg4 21.Nf3 e6 22.Be3 Nbd7 23.O-O a5
24.dxe6 Bxe6 25.f5 axb4 26.fxe6 Nc5 27.exf7+ Rxf7 28.Qd1 Ra8 29.Bd4 Ne6 30.c5 Nxd4
31.Nxd4 dxc5 32.Ne6 Qe5 33.Bc4 Kh8 34.Nf4  1-0

[Event "12th ch-Euro Seniors"]
[Site "Kaunas LTU"]
[Date "2012.08.26"]
[Round "9.26"]
[White "Rosino,A"]
[Black "Theting,H"]
[Result "1-0"]
[WhiteElo "2189"]
[BlackElo "2010"]

1.e4 g6 2.d4 Bg7 3.Nc3 d6 4.f4 Nd7 5.Nf3 e6 6.Bd3 Ne7 7.O-O b6 8.Be3 Bb7
9.Qd2 Nf6 10.h3 c5 11.f5 exf5 12.exf5 O-O 13.Bh6 Rc8 14.Bxg7 Kxg7 15.fxg6 fxg6
16.Ng5 Qd7 17.Rae1 Kh8 18.Ne6 Rf7 19.Qg5 Neg8 20.Bb5 Bc6 21.Bxc6 Rxc6 22.d5 Rc8
23.Rf4 Nh5 24.Rxf7 Qxf7 25.Ne4 h6 26.Nxd6 hxg5 27.Nxf7+ Kh7 28.Nfxg5+ Kh6
29.Nf7+ Kh7 30.d6 Ngf6 31.Ne5 Re8 32.d7 Nxd7 33.Nxd7 Kg8 34.g4  1-0

[Event "24th Schlosspark Open"]
[Site "Wiesbaden GER"]
[Date "2012.08.26"]
[Round "6.36"]
[White "Kolker,V"]
[Black "Winand,E"]
[Result "1-0"]
[WhiteElo "2028"]
[BlackElo "1927"]

1.e4 g6 2.d4 d6 3.Nc3 Bg7 4.Be3 Nf6 5.f3 O-O 6.Qd2 Nc6 7.O-O-O e5 8.Nge2 exd4
9.Nxd4 Ne5 10.Bh6 a6 11.h4 b5 12.h5 Nxh5 13.Bxg7 Kxg7 14.Be2 c5 15.Nb3 Nc4
16.Bxc4 bxc4 17.Nxc5 f5 18.e5 Qc7 19.Qxd6 Rf7 20.Qd4 Kg8 21.e6 Rf8 22.Nd5 Qg3
23.Ne7+  1-0

[Event "40th Olympiad Open"]
[Site "Istanbul TUR"]
[Date "2012.08.28"]
[Round "1.8"]
[White "Moyo,Dion"]
[Black "Tkachiev,V"]
[Result "0-1"]
[WhiteElo "2210"]
[BlackElo "2644"]

1.e4 d6 2.d4 g6 3.Nc3 Bg7 4.g3 Nf6 5.Bg2 O-O 6.Nge2 Nbd7 7.O-O c5 8.h3 Rb8
9.a4 b6 10.Bg5 a6 11.Qd2 Re8 12.Rad1 Bb7 13.b3 Qc8 14.dxc5 Nxc5 15.Qe3 Ne6
16.Bh6 Qc5 17.Qxc5 Nxc5 18.Bxg7 Kxg7 19.f3 Ncd7 20.Nd5 Nxd5 21.exd5 Rec8
22.Rd2 Rc5 23.f4 Nf6 24.Rfd1 b5 25.axb5 axb5 26.g4 h6 27.c3 Ra8 28.g5 hxg5
29.fxg5 Nd7 30.b4 Rcc8 31.Rc1 Ra4 32.Nd4 Ne5 33.Rdd1 Rh8 34.Nxb5 Rh5 35.Ra1 Rxa1
36.Rxa1 Rxg5 37.Kh2 Nc4 38.h4 Rh5 39.Nc7 Ne3 40.Ra7 Rxh4+ 41.Kg3 Nf5+ 42.Kf2 Rf4+
43.Ke2 Bc8 44.b5 Rc4 45.b6 Rxc3 46.b7 Bxb7 47.Rxb7 Rc2+ 48.Kf3 Nh4+ 49.Kg3 Nxg2
50.Ne8+ Kf8 51.Rb8 Ne3 52.Nxd6+ Kg7 53.Ne8+ Kh6 54.Rd8 Nxd5 55.Rxd5 Rc8 56.Nd6 exd6
57.Rxd6  0-1

[Event "40th Olympiad Open"]
[Site "Istanbul TUR"]
[Date "2012.08.28"]
[Round "1.32"]
[White "Carlsson,P"]
[Black "Kukk,S"]
[Result "1-0"]
[WhiteElo "2511"]
[BlackElo "2173"]

1.e4 g6 2.d4 Bg7 3.Nc3 d6 4.f4 Nf6 5.Nf3 O-O 6.Bd3 Nc6 7.O-O Bg4 8.e5 dxe5
9.dxe5 Nd5 10.h3 Nxc3 11.bxc3 Bf5 12.Bxf5 Qxd1 13.Rxd1 gxf5 14.Rd7 Rac8 15.Ba3 Rfd8
16.Rad1 e6 17.g4 Bh6 18.g5 Bf8 19.Bxf8 Kxf8 20.Kf2 Ke8 21.Rxd8+ Rxd8 22.Rxd8+ Kxd8
23.Ke3 Kd7 24.h4 Ne7 25.c4 Kc6 26.h5 Kc5 27.Kd3 Kb4 28.Nd4 c6 29.Nb3 b6 30.Nc1 c5
31.Ne2 Ka3 32.Nc3 a6 33.Kd2 Nc6 34.Nd5 Kxa2 35.Nxb6 Ka3 36.Nd7 Kb4 37.Nf6 Kxc4
38.Nxh7 a5 39.Nf8 Kd5  1-0

[Event "37th Trade Fair Open A"]
[Site "Brno CZE"]
[Date "2012.08.29"]
[Round "5"]
[White "Mikulu,L"]
[Black "Meszaros,Lu"]
[Result "0-1"]
[WhiteElo "1976"]
[BlackElo "2153"]

1.e4 g6 2.d4 Bg7 3.Nc3 d6 4.Be3 c6 5.Qd2 b5 6.Bd3 Nf6 7.f3 Nbd7 8.Bh6 Bxh6
9.Qxh6 Qb6 10.Nge2 b4 11.Nd1 a5 12.Ne3 Ba6 13.Bxa6 Qxa6 14.h4 O-O-O 15.c4 bxc3
16.bxc3 Kc7 17.Rb1 Rb8 18.Kf2 Rhg8 19.c4 a4 20.Qg5 a3 21.e5 dxe5 22.dxe5 h6
23.Qf4 Nh5 24.Qxf7 Rg7 25.Qe6 Nc5 26.Nd5+ cxd5 27.Qxa6 Nxa6 28.g4 Rxb1 29.Rxb1 dxc4
30.gxh5 Kc6 31.Rg1 g5 32.Nd4+ Kd5 33.Nf5 Rh7 34.Ne3+ Kc5 35.hxg5 hxg5 36.Rxg5 e6
37.Rg4 Rxh5 38.Rxc4+ Kb5 39.Rc3 Rh2+ 40.Ng2 Kb4 41.Rb3+ Ka4 42.Kg1 Rh8 43.Nf4 Rc8
44.Ne2 Nb4 45.Nc3+ Rxc3 46.Rxc3 Nxa2 47.Rc8 Nb4 48.Kg2 a2 49.Kg3 Kb3 50.Ra8 Nc2
51.f4 Na3 52.Rb8+ Kc2 53.Rc8+ Kd2 54.Rc6 a1=Q 55.Rxe6 Qg1+ 56.Kf3 Nc4 57.Ke4 Qe3+
58.Kf5 Ke2 59.Rf6 Qg3 60.Ke6 Qg4+ 61.Ke7 Ne3 62.Kd6 Nf5+ 63.Ke6 Ng7+ 64.Ke7 Nh5
65.f5 Qg5 66.Kf7 Qg7+ 67.Ke6 Nxf6 68.exf6 Qf8  0-1

[Event "19th Graz Open 2012"]
[Site "Graz AUT"]
[Date "2012.08.30"]
[Round "6.10"]
[White "Pichler,Mi"]
[Black "Loebler,H"]
[Result "1/2-1/2"]
[WhiteElo "2265"]
[BlackElo "2124"]

1.e4 g6 2.d4 Bg7 3.Nc3 d6 4.Be3 a6 5.a4 b6 6.Nf3 Bb7 7.Qd2 Nd7 8.h3 Ngf6
9.Bd3 O-O 10.O-O c5 11.d5 Qc7 12.Bc4 Bc8 13.Rfe1 Ne5 14.Nxe5 dxe5 15.Bg5 Bb7
16.Bh6 Ne8  1/2-1/2

[Event "World Youth U16 Olympiad 2012"]
[Site "Istanbul TUR"]
[Date "2012.08.30"]
[Round "2.11"]
[White "Torosyan,N"]
[Black "Arat,Uf"]
[Result "1-0"]
[WhiteElo "2188"]
[BlackElo "2124"]

1.e4 g6 2.d4 Bg7 3.Nc3 d6 4.Nf3 a6 5.a4 Bg4 6.Be2 Nc6 7.Ng1 Bxe2 8.Ngxe2 e5
9.d5 Nce7 10.O-O f5 11.exf5 gxf5 12.Ng3 Nf6 13.f4 e4 14.Nh5 Nxh5 15.Qxh5+ Kd7
16.Nxe4 Qg8 17.Ng3 Qxd5 18.Re1 Rae8 19.c3 Bf6 20.Be3 Rhf8 21.Qh3 Kd8 22.Rad1 Qb3
23.Bf2 Qxa4 24.Nxf5 Nxf5 25.Qxf5 Be7 26.Rxd6+ Bxd6 27.Bh4+ Be7 28.Bxe7+ Rxe7
29.Qxf8+ Qe8 30.Qxe8+  1-0

[Event "40th Olympiad Open"]
[Site "Istanbul TUR"]
[Date "2012.08.30"]
[Round "3.24"]
[White "Stellwagen,D"]
[Black "Shanava,K"]
[Result "0-1"]
[WhiteElo "2630"]
[BlackElo "2569"]

1.e4 g6 2.d4 Bg7 3.Nc3 d6 4.f4 Nc6 5.Be3 Nf6 6.Nf3 e6 7.Qd2 a6 8.Bf2 Ne7
9.Bh4 d5 10.e5 Nd7 11.g4 c5 12.O-O-O h5 13.h3 cxd4 14.Qxd4 Nc6 15.Qd2 Qa5
16.Kb1 b5 17.Bd3 Nc5 18.f5 exf5 19.gxf5 Nxd3 20.f6 Bh6 21.Qxd3 Bf5 22.Qxd5 O-O
23.Qxc6 Rac8 24.Qd6 Rfd8 25.Qe7 Bxc2+ 26.Ka1 Bxd1 27.e6 Rxc3 28.exf7+ Kh8
29.Bg5 Bb3 30.a3 Bf8 31.Ne5 Bc2  0-1

[Event "40th Olympiad Open"]
[Site "Istanbul TUR"]
[Date "2012.08.31"]
[Round "4.29"]
[White "Collins,S IRL"]
[Black "Iturrizaga,E"]
[Result "0-1"]
[WhiteElo "2459"]
[BlackElo "2627"]

1.e4 g6 2.d4 Bg7 3.Nc3 d6 4.f4 a6 5.Nf3 b5 6.Bd3 Bb7 7.O-O Nd7 8.e5 e6 9.a4 b4
10.Ne4 Qe7 11.Qe1 a5 12.Bb5 f5 13.Neg5 d5 14.Nxe6 Qxe6 15.Ng5 Qe7 16.e6 c6
17.Bd3 Ndf6 18.Nf7 Ne4 19.c3 Ngf6 20.Nxh8 Bxh8 21.cxb4 Ng4 22.Bxe4 Bxd4+
23.Kh1 dxe4 24.h3 Nf6 25.Be3 Bxe3 26.Qxe3 Qxb4 27.Rfd1 Nd5 28.Qf2 e3 29.Qh4 Qe7
30.Qe1 Qxe6 31.Rxd5 cxd5 32.Qc3 Kf7 33.Re1 Re8  0-1

[Event "40th Olympiad Open"]
[Site "Istanbul TUR"]
[Date "2012.08.31"]
[Round "4.41"]
[White "De la Riva Aguado,O"]
[Black "Adu,O"]
[Result "1-0"]
[WhiteElo "2540"]
[BlackElo "2227"]

1.e4 d6 2.d4 g6 3.Nc3 Bg7 4.Be3 a6 5.Qd2 b5 6.h4 h5 7.Nh3 Bb7 8.Ng5 Nf6 9.f3 Nbd7
10.O-O-O Qc8 11.g3 c5 12.dxc5 Nxc5 13.Nd5 Bxd5 14.exd5 Rb8 15.Kb1 Na4 16.Bd4 O-O
17.g4 b4 18.Ka1 Nb6 19.gxh5 Nxh5 20.Bxg7 Kxg7 21.Rg1 Qf5 22.Rg4 Rfc8 23.Bd3 Qxd5
24.Nxf7 Kxf7 25.Qh6 Ke6 26.Rg5 Qxf3 27.Rf1 Qa8 28.Bf5+ Kd5  1-0

[Event "19th Graz Open 2012"]
[Site "Graz AUT"]
[Date "2012.09.01"]
[Round "8.1"]
[White "Lanka,Z"]
[Black "Fahrner,K"]
[Result "1-0"]
[WhiteElo "2418"]
[BlackElo "2346"]

1.e4 g6 2.d4 Bg7 3.Nc3 d6 4.f4 a6 5.Nf3 b5 6.Bd3 Nd7 7.e5 c5 8.Be4 Rb8 9.O-O cxd4
10.Qxd4 Nc5 11.Bc6+ Bd7 12.Bxd7+ Qxd7 13.Qb4 Nh6 14.a4 Qa7 15.Be3 Nf5 16.Bf2 a5
17.Nxb5 axb4 18.Nxa7 Kd7 19.g4 Nh6 20.Bxc5 dxc5 21.h3 Rhd8 22.Rad1+ Kc7 23.Nb5+ Kc6
24.b3 f5 25.exf6 exf6 26.Rfe1 Rxd1 27.Rxd1 Nf7 28.Re1 Rb7 29.Nd2 Kd5 30.Nc4 f5
31.gxf5 gxf5 32.Kg2 Bd4 33.Kf3 h5 34.Re2 Bf6 35.Ne3+ Kc6 36.Nxf5 Bd8 37.Re6+ Kd7
38.Ra6 Bb6 39.Ne3 Nd8 40.Nc4 Bc7 41.Rh6 Ne6 42.Rxh5 Kc6 43.f5 Nd4+ 44.Nxd4+ cxd4
45.Rh6+ Kd5 46.Rh7 Kc6 47.f6 Rb8 48.Kg4 Rf8 49.f7 Kd5 50.Kf5 d3 51.cxd3 Bd8
52.Ne5 Be7 53.Ng6  1-0

[Event "BDO Challengers 2012"]
[Site "Haarlem NED"]
[Date "2012.09.01"]
[Round "8.4"]
[White "Pijpers,A"]
[Black "Wantola,I"]
[Result "1/2-1/2"]
[WhiteElo "2333"]
[BlackElo "2330"]

1.e4 g6 2.d4 Bg7 3.Nc3 d6 4.Be3 a6 5.Qd2 Nd7 6.h4 b5 7.h5 Bb7 8.f3 c5 9.Nh3 Qa5
10.g4 gxh5 11.g5 h6 12.Rg1 hxg5 13.Nxg5 Bxd4 14.Bxd4 cxd4 15.Qxd4 Ngf6 16.Bh3 b4
17.Bxd7+ Kxd7 18.Ne2 Ke8 19.O-O-O Rc8 20.Kb1 Qc5 21.Qd2 h4 22.Nf4 a5 23.Nd3 Qc7
24.Rc1 Ba6 25.Nf4 Qc4 26.Rh1 a4 27.c3 b3 28.a3 Rc5 29.Rcg1 Rg8 30.Ngh3 Rg3
31.Rxg3 hxg3 32.Rg1 e5 33.Qxd6 exf4 34.Rd1 Nd5 35.Nxf4 g2 36.Qe5+ Kf8 37.Qh8+ Ke7
38.Qe5+ Kf8 39.Qh8+ Ke7 40.Qe5+  1/2-1/2

[Event "40th Olympiad Open"]
[Site "Istanbul TUR"]
[Date "2012.09.01"]
[Round "5.42"]
[White "Gentilleau,JP"]
[Black "Sokolov,Ivan"]
[Result "0-1"]
[WhiteElo "2205"]
[BlackElo "2696"]

1.e4 g6 2.d4 Bg7 3.Nc3 d6 4.Be3 a6 5.a4 Nd7 6.Qd2 Ngf6 7.h3 c5 8.Nf3 cxd4
9.Bxd4 b6 10.Bc4 Qc7 11.Bd5 Rb8 12.O-O e6 13.Ba2 O-O 14.Rfe1 Bb7 15.e5 dxe5
16.Nxe5 Rbd8 17.Qe3 Nc5 18.a5 Bh6 19.Qxh6 Rxd4 20.Qg5 Nce4 21.axb6 Qc5 22.Nxe4 Nxe4
23.Qe3 Qxe5 24.f3 Rfd8 25.fxe4 Rxe4 26.Qf2 Qxb2 27.Bb3 Rd6 28.Rxe4 Qxa1+
29.Re1 Qa5 30.Kh1 Qxb6 31.Qf4 Qd4 32.Qg3 Kg7 33.Re3 Qa1+ 34.Kh2 Rd2  0-1

[Event "40th Olympiad Open"]
[Site "Istanbul TUR"]
[Date "2012.09.01"]
[Round "5.50"]
[White "Sanches,R"]
[Black "Lim Yee Weng"]
[Result "1/2-1/2"]
[WhiteElo "2030"]
[BlackElo "2287"]

1.e4 g6 2.d4 Bg7 3.Nc3 d6 4.Be3 a6 5.Qd2 Nd7 6.Nf3 h6 7.Bc4 e6 8.a3 Ne7 9.O-O b6
10.Rfe1 Bb7 11.Bd3 Nf6 12.h3 g5 13.Nh2 e5 14.dxe5 dxe5 15.Rad1 Ng6 16.Qe2 Qc8
17.Nd5 Nf4 18.Bxf4 gxf4 19.Nxf6+ Bxf6 20.Bc4 h5 21.Rd2 c6 22.Red1 Qc7 23.Rd6 Be7
24.R6d3 b5 25.Ba2 Rd8 26.Rxd8+ Bxd8 27.Nf3 Qe7 28.Qd3 Bc7 29.Ng5 O-O 30.Qd7 Qxg5
31.Qxc7 f3 32.g3 Bc8  1/2-1/2

[Event "40th Olympiad Open"]
[Site "Istanbul TUR"]
[Date "2012.09.01"]
[Round "5.49"]
[White "Crosa Coll,M"]
[Black "Kukk,S"]
[Result "1-0"]
[WhiteElo "2344"]
[BlackElo "2173"]

1.e4 g6 2.d4 Bg7 3.Nc3 d6 4.f4 Nf6 5.Nf3 O-O 6.Bd3 Nc6 7.O-O Bg4 8.Ne2 e5
9.c3 exd4 10.cxd4 Re8 11.h3 Bxf3 12.gxf3 Nh5 13.Be3 Nb4 14.Bc4 Qh4 15.Kh2 d5
16.a3 dxc4 17.axb4 Bf8 18.Qd2 b5 19.d5 Bd6 20.Rg1 Qe7 21.Nd4 Bxb4 22.Qc1 Qd7
23.Ra6 Bc5 24.Qc3 Bb6 25.Nf5 Bxe3 26.Nh6+ Kf8 27.Qxe3 Qxd5 28.Qc3 Qd7 29.f5 c6
30.Qh8+ Ke7 31.Qxh7 Qd2+ 32.Kh1 Rf8 33.fxg6 Nf6 34.Nf5+ Kd7 35.Qg7 Qxb2 36.Rd1+ Kc7
37.Nd4 Nd7 38.Ne6+  1-0

[Event "40th Olympiad Open"]
[Site "Istanbul TUR"]
[Date "2012.09.01"]
[Round "5.46"]
[White "Ahmed,Abdu"]
[Black "Rahman,Zia"]
[Result "0-1"]
[WhiteElo "2314"]
[BlackElo "2516"]

1.e4 g6 2.d4 Bg7 3.Nc3 d6 4.Be3 a6 5.f4 b5 6.Nf3 Bb7 7.Bd3 Nd7 8.a4 b4 9.Ne2 Ngf6
10.Ng3 c5 11.c3 bxc3 12.bxc3 O-O 13.h3 Qc7 14.O-O e5 15.fxe5 dxe5 16.d5 c4
17.Bc2 Ne8 18.Qd2 Nd6 19.Bh6 f6 20.Nh2 Nc5 21.Rab1 Bc8 22.Bxg7 Kxg7 23.Qc1 Bd7
24.Qa3 a5 25.Rb2 Rab8 26.Rfb1 Rxb2 27.Rxb2 Nd3 28.Bxd3 cxd3 29.Qb3 Nc4 30.Rb1 Qc5+
31.Kh1 Nd2 32.Qb6 Qxb6 33.Rxb6 Nc4 34.Rb1 Bxa4 35.Nf3 d2 36.Nxd2 Nxd2 37.Ra1 Bc2
38.Rxa5 Nxe4 39.Ne2 Bd3 40.Ng1 Nxc3 41.Ra7+ Rf7 42.Ra3 Ne4  0-1

[Event "World Youth U16 Olympiad 2012"]
[Site "Istanbul TUR"]
[Date "2012.09.01"]
[Round "6.17"]
[White "Cheong,Jie Yao"]
[Black "Sultan,Marshool"]
[Result "0-1"]
[WhiteElo "1691"]
[BlackElo "1756"]

1.e4 g6 2.d4 Bg7 3.Nc3 d6 4.Nf3 Nd7 5.Be3 e6 6.Qd2 Ne7 7.Bc4 a6 8.a4 b6 9.O-O O-O
10.Bh6 Bb7 11.Bxg7 Kxg7 12.Rfe1 Nf6 13.e5 Nfd5 14.Nxd5 Nxd5 15.Ra3 Qd7 16.Bxd5 Bxd5
17.Qf4 Qe7 18.Nd2 dxe5 19.Qxe5+ Qf6 20.Qxc7 Qxd4 21.Qc3 Qxc3 22.Rxc3 Rac8
23.Nb1 b5 24.axb5 axb5 25.Rxc8 Rxc8 26.Nc3 b4 27.Nxd5 exd5 28.Re2 b3 29.c3 d4
30.Kf1 Rxc3 31.Rd2 Rc2 32.Ke2 Kf6 33.f4 Kf5 34.g3 Ke4  0-1

[Event "Botvinnik Memorial 2012"]
[Site "St Petersburg RUS"]
[Date "2012.09.02"]
[Round "9.61"]
[White "Bronnikova,E"]
[Black "Ivanov,Sergei V."]
[Result "1-0"]
[WhiteElo "2238"]
[BlackElo "2108"]

1.e4 g6 2.d4 Bg7 3.Nc3 d6 4.Be3 Nd7 5.f3 b6 6.Qd2 c5 7.d5 a6 8.a4 Ne5 9.h3 f5
10.f4 Nf7 11.exf5 gxf5 12.Nf3 Nf6 13.Bd3 Bd7 14.Ng5 Qc8 15.O-O h6 16.Nf3 O-O
17.Nh4 c4 18.Be2 b5 19.axb5 axb5 20.Bf3 Kh7 21.Ne2 Rb8 22.Nd4 Nd8 23.c3 Nb7
24.Qc2 Ng8 25.Ndxf5 Rxf5 26.Be4 Nc5 27.Bxc5 Qxc5+ 28.Kh1 Rf8 29.Bxf5+ Bxf5
30.Nxf5 Qxd5 31.Nxe7+ Qd3 32.Qxd3+ cxd3 33.Nxg8 Kxg8 34.Rad1  1-0

[Event "11th Istanbul Open A"]
[Site "Istanbul TUR"]
[Date "2012.09.03"]
[Round "4"]
[White "Guner,B"]
[Black "Reyhan,D"]
[Result "0-1"]
[WhiteElo "2100"]
[BlackElo "2396"]

1.d4 g6 2.e4 Bg7 3.Nc3 d6 4.Be3 a6 5.a4 Nc6 6.h3 Nf6 7.Nf3 O-O 8.Be2 e5 9.dxe5 dxe5
10.Qxd8 Rxd8 11.Rd1 Rxd1+ 12.Kxd1 Nd4 13.Bc4 b5 14.Bxf7+ Kxf7 15.Nxe5+ Ke6
16.Bxd4 c5 17.Bxc5 Kxe5 18.f3 Be6 19.g3 Nh5 20.f4+ Kf6 21.Bf2 Kf7 22.e5 g5
23.f5 Bxf5 24.g4 b4 25.gxf5 bxc3 26.e6+ Kf6 27.bxc3 Kxf5 28.e7 Bxc3 29.Bc5 Re8
30.Rf1+ Nf4 31.Rf3 Bf6  0-1

[Event "World Youth U16 Olympiad 2012"]
[Site "Istanbul TUR"]
[Date "2012.09.03"]
[Round "7.12"]
[White "Chaithanyaa,K"]
[Black "Tilessov,Danat"]
[Result "1-0"]
[WhiteElo "2112"]
[BlackElo "1871"]

1.e4 d6 2.d4 g6 3.Nc3 Bg7 4.Be3 a6 5.Qd2 b5 6.a3 Bb7 7.f3 Nd7 8.O-O-O c5
9.dxc5 Nxc5 10.Nxb5 Nxe4 11.fxe4 axb5 12.Bxb5+ Kf8 13.Nf3 Bxe4 14.Ng5 Nf6
15.Bc4 Qa5 16.Qxa5 Rxa5 17.Nxf7 d5 18.Nxh8 dxc4 19.Rd8+ Ne8 20.Rf1+ Rf5 21.Rxf5+ gxf5
22.a4 Bxh8 23.a5 Be5 24.a6 Kf7 25.g3 Nc7 26.a7 Bd6 27.Bf4 Ne6 28.a8=Q Bxa8
29.Rxa8 Nxf4 30.gxf4 Bxf4+ 31.Kd1 Bxh2 32.Rc8 Be5 33.c3 Bd6 34.Rxc4 e5 35.b4 e4
36.b5 h5 37.Rc6 Bf4 38.b6 h4 39.b7 h3 40.Rh6 h2 41.Rh3 Ke6 42.Ke2 Kd7 43.Rh7+ Kc6
44.Kf2 h1=Q 45.Rxh1 Kxb7 46.Rh5 Bd2 47.c4 f4 48.Re5 e3+ 49.Kf3 Kc6 50.Rf5 Kd6
51.Ke2 Kc6 52.Rxf4 Kc5 53.Kd3 Kc6 54.Re4 Kc5 55.Re6 Bc1 56.Kc2 Bd2 57.Kb3 Bc1
58.Kc2 Bd2 59.Kd3 Bc1 60.Re8 Bd2 61.Rc8+ Kd6 62.Rh8 Kc5 63.Rh5+ Kc6 64.Rf5 Bc1
65.Rh5 Bd2 66.Rg5 Bc1 67.Re5 Bd2 68.Rh5 Bc1 69.Rh7 Bd2 70.Rf7 Bc1 71.Kd4 Bd2
72.Re7 Kd6 73.Re4 Bc1 74.c5+ Kc6 75.Kc4 Bd2 76.Re6+ Kc7 77.Kd5 Kd7 78.c6+ Kc7
79.Re7+ Kc8 80.Kc5 Be1 81.Kb6 Kd8 82.Rg7 e2 83.c7+  1-0

[Event "World Youth U16 Olympiad 2012"]
[Site "Istanbul TUR"]
[Date "2012.09.03"]
[Round "7.19"]
[White "Atabayew,S"]
[Black "Abdulla,Abdulwahab"]
[Result "1-0"]
[WhiteElo "2106"]
[BlackElo "1784"]

1.e4 d6 2.d4 g6 3.Nc3 Bg7 4.Nf3 e6 5.Be2 Nd7 6.O-O Ne7 7.Be3 a6 8.a4 b6 9.Qd2 Bb7
10.Rad1 Nf6 11.Bd3 Ng4 12.Bf4 O-O 13.Qe2 h6 14.e5 h5 15.h3 Nh6 16.Ne4 Bxe4
17.Bxe4 d5 18.Bd3 c5 19.Bxa6 Nef5 20.Bb5 cxd4 21.Nxd4 Nxd4 22.Rxd4 Nf5 23.Rd3 Qh4
24.Qd2 Qe7 25.g4 Nh4 26.Bg5 f6 27.Bxh4 g5 28.exf6 Bxf6 29.Bg3 h4 30.Bh2 Rac8
31.Re1 Bxb2 32.Rxd5 Rc5 33.Rxc5 Qxc5 34.Bd6  1-0

[Event "World Youth U16 Olympiad 2012"]
[Site "Istanbul TUR"]
[Date "2012.09.03"]
[Round "8.23"]
[White "Nowicki,B"]
[Black "Arat,Uf"]
[Result "0-1"]
[WhiteElo "2158"]
[BlackElo "2124"]

1.e4 g6 2.d4 Bg7 3.Nc3 d6 4.f4 Nf6 5.Nf3 O-O 6.Bd3 Na6 7.O-O c5 8.d5 Bg4
9.Be2 Nc7 10.a4 Rb8 11.h3 Bxf3 12.Bxf3 Nd7 13.g4 a6 14.a5 Nb5 15.Ne2 Nd4
16.Nxd4 cxd4 17.h4 b6 18.Qe1 Qc7 19.Rf2 Rfc8 20.h5 bxa5 21.Rh2 Qb6 22.Kh1 Nc5
23.Qh4 g5 24.Qxg5 h6 25.Qh4 d3 26.g5 dxc2 27.gxh6 Bf6 28.Qg4+ Kh8 29.Be3 Qxb2
30.Rc1 Nd3 31.e5 Nxc1 32.exf6 Rg8 33.Qf5 Nd3 34.Qxd3 Qb1+  0-1

[Event "11th Kesarovski-Stanchev Mem"]
[Site "Sunny Beach BUL"]
[Date "2012.09.03"]
[Round "3.14"]
[White "Fiebig,T"]
[Black "Tashkov,R"]
[Result "1/2-1/2"]
[WhiteElo "2414"]
[BlackElo "2230"]

1.e4 g6 2.d4 Bg7 3.Nc3 d6 4.f4 Nf6 5.a3 O-O 6.Nf3 b6 7.Be3 c5 8.d5 b5 9.Bd3 a6
10.h3 Bb7 11.O-O Nbd7 12.Qe1 c4 13.Be2 e6 14.dxe6 fxe6 15.e5 dxe5 16.fxe5 Nd5
17.Bd4 Nf4 18.Bd1 Qc7 19.g3 Nh5 20.Be2 Qc6 21.Kh2 Nxe5 22.Nh4 Rxf1 23.Qxf1 Rf8
24.Qg1 g5 25.Bxh5 gxh4 26.Rf1 Rxf1 27.Qxf1 Nf3+ 28.Bxf3 Qxf3 29.Qxf3 Bxf3
30.Bxg7 Kxg7 31.gxh4 Kf6 32.Kg3 Bc6 33.Kf4 e5+ 34.Ke3 Kf5 35.Ne2 Bg2 36.Ng3+ Ke6
37.c3 h6 38.Kf2 Bxh3 39.Kf3 Bf5 40.Nf1 Bg6 41.Ne3 Bh5+ 42.Ke4 Be2 43.Ng2 Bd3+
44.Kf3 Kf5 45.Ne3+ Ke6 46.Ng2 h5 47.Ne3 Bg6 48.Nf1 Kd5 49.Ke3 a5 50.Ng3 Kd6  1/2-1/2

[Event "US Chess League 2012"]
[Site "ICC INT"]
[Date "2012.09.04"]
[Round "1"]
[White "Romanenko,Vl"]
[Black "Gelashvili,T"]
[Result "1-0"]
[WhiteElo "2486"]
[BlackElo "2578"]

1.e4 d6 2.d4 g6 3.Nc3 Bg7 4.Be3 a6 5.Qd2 Nd7 6.f3 b5 7.h4 h6 8.a3 Bb7 9.h5 g5
10.Nge2 e6 11.O-O-O Nb6 12.Ng3 Ne7 13.Kb1 Qd7 14.Bd3 O-O-O 15.Rhf1 f5 16.d5 f4
17.dxe6 Qxe6 18.Bxb6 fxg3 19.Be3 c5 20.Ne2 c4 21.Nd4 Qd7 22.Be2 d5 23.Qe1 Be5
24.f4 gxf4 25.Bxf4 Bxf4 26.Rxf4 Rhg8 27.e5 Nc6 28.Nxc6 Bxc6 29.Qc3 Qe7 30.Qd4 Rdf8
31.Rdf1 Kb7 32.Rf6 Rxf6 33.Rxf6 Rg5 34.e6 Be8 35.Bf3 Kc6 36.Rxh6 Rf5 37.Qg4 Rg5
38.Qf4 c3 39.Rh7 Rg7 40.Rxg7 Qxg7 41.h6 Qg6 42.Qe5 Qxh6 43.Bxd5+ Kb6 44.Qd6+  1-0

[Event "World Youth U16 Olympiad 2012"]
[Site "Istanbul TUR"]
[Date "2012.09.04"]
[Round "9.16"]
[White "Dobes,V"]
[Black "Tilessov,Danat"]
[Result "0-1"]
[WhiteElo "2060"]
[BlackElo "1871"]

1.e4 d6 2.d4 g6 3.Nc3 Bg7 4.Be3 a6 5.h3 b5 6.a3 Bb7 7.g4 Nd7 8.Bg2 c5 9.d5 Nb6
10.Nge2 Nc4 11.Bc1 Qa5 12.Ra2 Nf6 13.O-O Qc7 14.b3 Nb6 15.Be3 O-O 16.Qd2 e6
17.dxe6 fxe6 18.e5 Ne8 19.Bxb7 Qxb7 20.exd6 Qc6 21.Nf4 Rd8 22.Nd1 Rxd6 23.Qe2 Nd5
24.Nd3 Nxe3 25.Nxe3 Bd4 26.c4 Nf6 27.cxb5 axb5 28.Rc2 Ne4 29.a4 bxa4 30.bxa4 Ng5
31.f4 Qe4 32.fxg5 Bxe3+ 33.Nf2 Rf3  0-1

[Event "FSGM Sept 2012"]
[Site "Budapest HUN"]
[Date "2012.09.05"]
[Round "5.2"]
[White "Johansson,Ja SWE"]
[Black "Toth,E"]
[Result "0-1"]
[WhiteElo "2410"]
[BlackElo "2473"]

1.d4 g6 2.e4 Bg7 3.Nc3 d6 4.Nge2 Nf6 5.g3 Na6 6.Bg2 O-O 7.O-O c5 8.h3 Rb8
9.Be3 b6 10.g4 cxd4 11.Nxd4 Bb7 12.Re1 Nc5 13.Bg5 a6 14.Qd2 e5 15.Nb3 Ne6
16.Be3 Qc7 17.Rad1 Rfd8 18.Nd5 Bxd5 19.exd5 Nc5 20.Nxc5 bxc5 21.b3 Nd7 22.Bf1 f5
23.f3 a5 24.Qg2 Rf8 25.Bd3 e4 26.fxe4 f4 27.Bf2 f3 28.Qh1 Ne5 29.Rf1 Bh6
30.Bg3 Qe7 31.Qh2 Be3+ 32.Kh1 Qg5 33.Bxe5 dxe5 34.Qg3 h5 35.d6 Kg7 36.Bc4 hxg4
37.Be6 Rh8 38.Bxg4 Rxh3+ 39.Qxh3 Qxg4 40.Rxf3 Rh8 41.Qxh8+ Kxh8 42.Rdf1 Bf4
43.R1f2 g5  0-1

[Event "40th Olympiad Open"]
[Site "Istanbul TUR"]
[Date "2012.09.05"]
[Round "8.48"]
[White "Mehmeti,D"]
[Black "Oussedik,Mahfoud"]
[Result "0-1"]
[WhiteElo "2437"]
[BlackElo "2242"]

1.d4 g6 2.e4 Bg7 3.Nc3 d6 4.Be3 b6 5.Qd2 c5 6.Nge2 Nc6 7.f3 Nf6 8.O-O-O a6
9.Bh6 Bxh6 10.Qxh6 cxd4 11.Nd5 Nxd5 12.exd5 d3 13.Rxd3 Ne5 14.Rd2 b5 15.Nc3 Qa5
16.Qg7 Rf8 17.f4 b4 18.Nb1 Ng4 19.Bc4 Ne3 20.Bb3 h5 21.Qd4 Nf5 22.Qf2 Bd7
23.Re1 Rc8 24.a3 bxa3 25.Nxa3 Qb4 26.Qf3 Nd4 27.Rxe7+ Kxe7 28.Qe4+ Kd8 29.Qxd4 Qxd4
30.Rxd4 Re8 31.Kd2 Kc7 32.Ba4 Bxa4 33.Rxa4 Ra8 34.g3 f5 35.Rc4+ Kd7 36.Rc6 Rec8
37.Rb6 Rab8 38.Nc4 Ke7 39.Nxd6 Rd8 40.Rxb8 Rxb8 41.Nc4 Rd8 42.Ne3 a5 43.Kd3 a4
44.Kd4 Rb8 45.Nc4 Rxb2 46.d6+ Kd8 47.c3 Rb5 48.Na3 Rb3 49.Nc2 Kd7  0-1

[Event "40th Olympiad Open"]
[Site "Istanbul TUR"]
[Date "2012.09.05"]
[Round "8.44"]
[White "Vazquez Reyes,R"]
[Black "Kukk,S"]
[Result "1/2-1/2"]
[WhiteElo "2251"]
[BlackElo "2173"]

1.e4 g6 2.d4 Bg7 3.Nc3 d6 4.Be3 Nf6 5.Qd2 O-O 6.Nf3 Bg4 7.Ng5 h6 8.h3 Bd7
9.Nf3 Kh7 10.O-O-O Nc6 11.d5 Ne5 12.Nxe5 dxe5 13.g4 c6 14.dxc6 Bxc6 15.Qxd8 Rfxd8
16.Rxd8 Rxd8 17.f3 a6 18.Bc4 e6 19.Rd1 Nd7 20.h4 Bf6 21.g5 hxg5 22.hxg5 Be7
23.a3 Kg7 24.Rh1 Nf8 25.Nd1 Nh7 26.Rg1 Rh8 27.Nf2 Nf8 28.Ng4 Nd7 29.Nh6 Rc8
30.Ba2 Ba4 31.Rg2 Bc5 32.Bxc5 Nxc5 33.Rd2 f5 34.b4 Nb3+ 35.Bxb3 Bxb3 36.Rd7+ Kf8
37.Kb2 Ba4 38.Rxb7 Rxc2+ 39.Kb1 Rc3 40.Rf7+ Ke8 41.Rf6 Bd7 42.Nf7 Rxf3 43.Nxe5 Rxa3
44.Nxg6 Kd8 45.exf5 exf5 46.Ne5 Re3 47.Nxd7 Kxd7 48.Kb2 Rf3 49.Rxa6 Rg3 50.g6 f4
51.Kc2 Kc7 52.Rf6 Kb7 53.Kd2 Ka7 54.Ke2 Kb7 55.Kf2 Ka7 56.Rf7+ Kb6 57.Rg7 Ka6
58.Rg8 Kb7 59.g7 Ka7 60.b5 Kb7 61.b6 Rg6 62.Kf3 Rg1 63.Ke4 f3 64.Kxf3 Rg6
65.Ke2 Rg5 66.Kd3 Rg4 67.Ke3 Rg6 68.Kd4 Rg1 69.Ke5 Re1+ 70.Kf6 Rf1+ 71.Kg6 Rg1+
72.Kf5 Rf1+  1/2-1/2

[Event "FSIM Sept 2012"]
[Site "Budapest HUN"]
[Date "2012.09.06"]
[Round "6.6"]
[White "Lyell,M"]
[Black "Scharrer,P"]
[Result "1-0"]
[WhiteElo "2225"]
[BlackElo "2274"]

1.e4 g6 2.d4 Bg7 3.Nc3 d6 4.Be3 a6 5.h4 Nf6 6.Be2 h5 7.Nh3 c5 8.dxc5 Qa5
9.Ng5 dxc5 10.e5 Ng4 11.Bxg4 Bxg4 12.f3 Bc8 13.Qd5 O-O 14.f4 Nd7 15.O-O-O e6
16.Nxe6 fxe6 17.Qxe6+ Rf7 18.Qxg6 Nf8 19.Qxh5 b5 20.Rd5 Raa7 21.Rhd1 Rac7
22.Rxc5 Rxc5 23.Bxc5 b4 24.Bxf8 Bxf8 25.Ne4 Qxa2 26.Qg6+ Kh8 27.Nf6 Rc7 28.Qh5+  1-0